सुब्रह्मण्य भारती : (Record no. 112823)

MARC details
000 -LEADER
fixed length control field 01390nam a22002897a 4500
005 - DATE AND TIME OF LATEST TRANSACTION
control field 20170203161010.0
008 - FIXED-LENGTH DATA ELEMENTS--GENERAL INFORMATION
fixed length control field 170203b xxu||||| |||| 00| 0 hin d
010 ## - LCCN (DPL NO)
LC control number A-920213
020 ## - INTERNATIONAL STANDARD BOOK NUMBER
Terms of availability 125.00
International Standard Book Number 812600262
035 ## - SYSTEM CONTROL NUMBER
System control number A-920213
037 ## - SOURCE OF ACQUISITION
Source of stock number/acquisition Cen Lib/Ret
040 ## - CATALOGING SOURCE
Original cataloging agency DPL
Language of cataloging HN
082 ## - DEWEY DECIMAL CLASSIFICATION NUMBER
Classification number 871.08
Item number रघुना
100 ## - MAIN ENTRY--PERSONAL NAME
Personal name रघुनाथन, टी.एम.सी.
9 (RLIN) 49325
245 ## - TITLE STATEMENT
Title सुब्रह्मण्य भारती :
Statement of responsibility, etc टी.एम.सी.रघुनाथन ; अनुवादक एम.शेषन
Remainder of title युग और चिन्तन /
246 ## - VARYING FORM OF TITLE
Title proper/short title Subrmanyam Bharti : yug aur chintan /
Remainder of title by T.M.C.Raghunathan ; translated by M.Sheshan
260 ## - PUBLICATION, DISTRIBUTION, ETC. (IMPRINT)
Place of publication, distribution, etc नयी दिल्ली
Name of publisher, distributor, etc साहित्य अकादमी
Date of publication, distribution, etc 1997
270 ## - ADDRESS
City नयी दिल्ली
Address रवीन्द्र भवन, 35, फिरोज़शाह मार्ग
Postal code 110001
300 ## - PHYSICAL DESCRIPTION
Extent 303पृ.
Dimensions 21सेमी (सजिल्द)
520 ## - SUMMARY, ETC.
Summary, etc AW
650 ## - SUBJECT ADDED ENTRY--TOPICAL TERM
Topical term or geographic name as entry element हिन्दी -- साहित्य
9 (RLIN) 49326
650 ## - SUBJECT ADDED ENTRY--TOPICAL TERM
Topical term or geographic name as entry element हिन्दी -- सुब्रह्मण्य भारती -- युग
9 (RLIN) 49327
650 ## - SUBJECT ADDED ENTRY--TOPICAL TERM
Topical term or geographic name as entry element Hindi -- literature
9 (RLIN) 49328
650 ## - SUBJECT ADDED ENTRY--TOPICAL TERM
Topical term or geographic name as entry element Hindi - Subramanyam Bharti -- era
9 (RLIN) 49329
700 ## - ADDED ENTRY--PERSONAL NAME
Personal name शेषन, एम.
9 (RLIN) 14217
942 ## - ADDED ENTRY ELEMENTS (KOHA)
Source of classification or shelving scheme Dewey Decimal Classification
Item type Hindi Books
Classification part 871.08
Call number suffix रघुना
Holdings
Withdrawn status Lost status Damaged status Not for loan Home library Current library Date acquired Source of acquisition Cost, normal purchase price Total Checkouts Full call number Barcode Date last seen Copy number Cost, replacement price Koha item type
        Central Library Central Library 10/08/2015 Cen Lib/Ret 125.00   871.08 रघुना A-920213 10/08/2015 1 125.00 Hindi Books

© Delhi Public Library
Hit Counter
free hit counter